Normal view
MARC view
- Khan, Ubaid ur Rehman
Entry Personal Name
001 - CONTROL NUMBER
- control field: 35039
003 - CONTROL NUMBER IDENTIFIER
- control field: NUST
005 - DATE AND TIME OF LATEST TRANSACTION
- control field: 20201110120724.0
008 - FIXED-LENGTH DATA ELEMENTS
- fixed length control field: 201110|| aca||aabn | a|a d
040 ## - CATALOGING SOURCE
- Original cataloging agency: NUST
- Transcribing agency: NUST
100 ## - HEADING--PERSONAL NAME
- Personal name: Khan, Ubaid ur Rehman
670 ## - SOURCE DATA FOUND
- Source citation: Work cat.: (NUST): Khan, Ubaid ur Rehman, Pilot Contamination Mitigation in TDD Multi User Multicell Massive MIMO System, 2014.
